000 00273nam a2200109Ia 4500
008 190216s9999||||xx |||||||||||||| ||und||
100 _aDavar Rs-Davar Ns
245 0 _aPractical Book-Keeping And Accountancy
260 _bViswanathan S.
_c1971
300 _a5612p
942 _cBK
999 _c3906
_d3906